| 000 | 01200nam0a2200337 4500 | ||
|---|---|---|---|
| 001 | RU\NLR\bibl\1976002 | ||
| 005 | 20250616210513.0 | ||
| 010 |
_a978-5-699-58380-5 _915100 |
||
| 021 |
_aRU _b2012-88832 _9551д/12 |
||
| 035 | _a(NLR Aleph) 001964770 | ||
| 090 |
_a3874366 _c3874366 |
||
| 100 | _a20121206d2012 |||y0rusy50 ca | ||
| 101 | 1 |
_arus _ceng |
|
| 102 | _aRU | ||
| 105 | _ay ||||||||| | ||
| 200 | 1 |
_aЖизнь без границ _eпуть к потрясающе счастливой жизни _fНик Вуйчич _g[пер. с англ. Татьяны О. Новиковой] |
|
| 210 |
_aМосква _cЭксмо _d2012 |
||
| 215 |
_a363,[1] с. _d20 |
||
| 225 | 1 | _aTrue story | |
| 225 | 1 | _aКниги, которые вдохновляют | |
| 606 | 1 |
_aЛица с ограниченными физическими возможностями _xСамореализация _92617231 _3RU\NLR\auth\661553791 |
|
| 686 | _aЮ937.234 | ||
| 686 | _aС550.54 | ||
| 686 | _aЧ430.132.8 | ||
| 700 | 1 |
_aВуйчич _bН. _f1982- _gНик _4070 |
|
| 801 | 0 |
_aRU _bNLR _c20121206 _gRCR |
|
| 801 | 1 |
_aRU _bNLR _c20121206 |
|
| 942 | _cBOOK | ||
| 980 | _aNB | ||